KVALITA ŽIVOTA PACIENTOV S DEPRESIOU

Bibliographic Details
Main Authors: Bielik, Ján (Author), Hrebíková, Jana (Author), Poliaková, Nikoleta, 1972- (Author)
Format: Article
Language:Slovak

MARC

LEADER 00000nab a2200000ua 4500
001 vtls010835605
003 SK-MaSNL
005 20260303104237.0
008 230121s2013 xo |||||||||||||||||slo|
035 |a (urnnbn)urn:nbn:sk:snk:ar-a06qle 
035 |a urn:nbn:sk:snk-ab5ziy 
035 |a (uuid)61f1eaae-2c50-4d4c-8b9f-bad50b059adb 
040 |a SNKBUCL  |b slo  |c SNKBUCL  |e AACR2 
041 0 |a slo 
044 |a xo  |c SK 
100 1 |a Bielik, Ján  |4 aut  |9 611207 
245 1 0 |a KVALITA ŽIVOTA PACIENTOV S DEPRESIOU  |c Ján Bielik, Jana Hrebíková, Nikoleta Poliaková 
700 1 |a Hrebíková, Jana  |4 aut  |9 1118541 
700 1 |a Poliaková, Nikoleta,  |d 1972-  |4 aut  |9 199148 
773 0 |t Farmakoekonomika a lieková politika : oficiálny časopis Slovenskej spoločnosti pre farmakoekonomiku  |g Roč. 9, č. 2 (2013), s. 26-30 
954 |a odborná, vedecká literatúra pôvodná (slovenská)  |2 lita 
958 |a OND 
958 |a EUIPO 
958 |a article5 
999 |c 1855421  |d 1857351